Loading...
| Current Events | 2 | 15.00 | 100% | 50% | 0% |
| Fine Arts - Auditory Fine Arts | 9 | 14.44 | 100% | 44% | 0% |
| Fine Arts - Visual Fine Arts | 13 | 15.38 | 92% | 54% | 8% |
| Geography | 3 | 13.33 | 100% | 0% | 33% |
| History - American History | 5 | 16.00 | 100% | 60% | 0% |
| History - Ancient History | 5 | 12.00 | 100% | 20% | 0% |
| History - European History | 3 | 20.00 | 100% | 67% | 33% |
| History - World History | 7 | 17.14 | 100% | 43% | 29% |
| Literature - American Literature | 6 | 16.67 | 100% | 50% | 17% |
| Literature - British Literature | 7 | 10.00 | 100% | 0% | 0% |
| Literature - European Literature | 3 | 20.00 | 100% | 67% | 33% |
| Literature - World Literature | 6 | 11.67 | 67% | 33% | 17% |
| Mythology | 3 | 13.33 | 100% | 33% | 0% |
| Other Academic | 4 | 17.50 | 75% | 75% | 25% |
| Philosophy | 5 | 10.00 | 80% | 20% | 0% |
| Religion | 2 | 10.00 | 100% | 0% | 0% |
| Science - Biology | 3 | 10.00 | 67% | 33% | 0% |
| Science - Chemistry | 6 | 8.33 | 83% | 0% | 0% |
| Science - Other Science | 8 | 13.75 | 88% | 38% | 13% |
| Science - Physics | 5 | 16.00 | 100% | 40% | 20% |
| Social Science | 8 | 15.00 | 88% | 38% | 25% |